| 000 | 00471nam a2200181Ia 4500 | ||
|---|---|---|---|
| 001 | 25268 | ||
| 005 | 20260414151138.0 | ||
| 008 | 260414t2012||||xx |||||||||||||| ||spa|| | ||
| 041 | _aESP | ||
| 082 |
_a346.43 _bR31 |
||
| 100 |
_aReátegui Sánchez, James _eAUT |
||
| 245 | 0 |
_aEl delito de usurpación inmobiliaria en el código penal peruano _b |
|
| 260 | _c2012 | ||
| 300 |
_a270 páginas : _c24 cm. |
||
| 650 | _aDER | ||
| 654 | _aCDE | ||
| 942 |
_cLIB _dJUS _fJUS _2ddc _n |
||
| 999 |
_c25268 _d25268 |
||